| 000 | 00815nam a2200253 4500 | ||
|---|---|---|---|
| 001 | 1264691 | ||
| 005 | 19740422000000.0 | ||
| 008 | 740409s1964 enk |r 001 0 eng | ||
| 010 | _a 74161224 | ||
| 015 | _aGB74-02136 | ||
| 020 | _a0334014891 | ||
| 040 |
_aDLC _cDLC _dDLC |
||
| 050 | 0 | 0 |
_aBR115.P7 _bS35 |
| 082 | 0 | 0 |
_a261.7 _bLIB _222 |
| 245 | 0 | 0 |
_aSeeds of Liberation/ _cedited by Paul Goodman |
| 260 |
_aLondon: _bGeorge Braziller, 1964 _c1964. |
||
| 300 |
_a551 p.; _c22 cm. |
||
| 500 | _aDonated by: Alaa Abdel Ghany | ||
| 650 | 0 |
_aChristianity and politics _xCongresses. _910671 |
|
| 700 | 1 |
_aGoodman, Paul _911508 |
|
| 710 | 2 | _910673 | |
| 942 |
_2ddc _cBB |
||
| 999 |
_c13213 _d13213 |
||